000 00371nam a2200133Ia 4500
005 20260326100046.0
008 260326s9999||||xx |||||||||||||| ||und||
100 _aTorres Corral, Alicia
245 0 _aLa Mirada horizontal :
_b El Paisaje costero de Montevideo /
_cAlicia Torres Corral
260 _bBanda Oriental
300 _a151 p.
650 _aURBANISMO
942 _cBK
999 _c7205
_d7205